| 000 | 00368nam a22001217a 4500 | ||
|---|---|---|---|
| 008 | 210823b ||||| |||| 00| 0 eng d | ||
| 082 | _a954.98 CHO | ||
| 100 | _aChophel, Sonam | ||
| 245 |
_aOn Mount Ralang _b"Evocative exploration of the Mount Ralang of Phongmey, Trashigang. Open the book and hike." |
||
| 260 | _c2019. | ||
| 300 |
_a32 p. _bill, _c20 cm. |
||
| 942 | _2ddc | ||
| 999 |
_c8843 _d8844 |
||